00357nam a2200097Ia 4500008004100000020000600041100002900047245005000076999001900126952011400145211105s9999 xx 000 0 und d a" a Barday, Abdul 9129295 0aSkills for law students : fresh perspectives  c606555d606554 00104070aERMELLbERMELLd2021-11-08g249.00l0oST 340.071168 BRADp33228021877830r2021-11-08w2021-11-08